Congreso Iberoamericano : (Record no. 9844)

MARC details
000 -LEADER
campo de control de longitud fija 02690nam a2200265Ia 4500
001 - NÚMERO DE CONTROL
campo de control 295
003 - IDENTIFICADOR DE NÚMERO DE CONTROL
campo de control OSt
005 - FECHA Y HORA DE LA ÚLTIMA TRANSACCIÓN
campo de control 20250204083046.0
008 - DATOS DE LONGITUD FIJA--INFORMACIÓN GENERAL
campo de control de longitud fija 241024s2009 dr ac f n z001|0 spa d
020 ## - NÚMERO INTERNACIONAL ESTÁNDAR DEL LIBRO
Número Internacional Estándar del Libro 978-9945-427-78-3
040 ## - FUENTE DE CATALOGACIÓN
Centro catalogador/agencia de origen CDG006
Lengua de catalogación spa
Centro/agencia transcriptor CDG006
Normas de descripción rda
082 04 - NÚMERO DE LA CLASIFICACIÓN DECIMAL DEWEY
Número de clasificación RD/306/C749c
Información de edición 21
110 ## - ENTRADA PRINCIPAL--NOMBRE DE ENTIDAD CORPORATIVA
Nombre de entidad corporativa o nombre de jurisdicción como elemento de entrada República Dominicana, Universidad Autónoma de Santo Domingo
111 ## - ENTRADA PRINCIPAL--NOMBRE DE CONGRESO/REUNIÓN
Nombre de congreso/reunión o jurisdicción como elemento de entrada Congreso Iberoamericano: Cultura, Diversidad y Diálogo
245 #0 - MENCIÓN DEL TÍTULO
Título Congreso Iberoamericano :
Resto del título Cultura, Diversidad y Diálogo /
Mención de responsabilidad, etc. coordinador César Zapata
260 ## - PUBLICACIÓN, DISTRIBUCIÓN, ETC.
Lugar de publicación, distribución, etc. Santo Domingo :
Nombre del editor, distribuidor, etc. Universidad Autónoma de Santo Domingo
Fecha de publicación, distribución, etc. 2009
300 ## - DESCRIPCIÓN FÍSICA
Extensión 173 p.
500 ## - NOTA GENERAL
Nota general Investigar sobre lo propio en relación con las alteridades, lenguas, tradiciones, patrimonio e historia de otros paises nos brinda una visión más amplia de nuestros propios valores culturales en lo que tenemos de semejanzas y diferencias.
505 ## - NOTA DE CONTENIDO CON FORMATO
Nota de contenido con formato Índice - Presentación...9 - BOLIVAR TRONCOSO MORALES – Prólogo…13- CESAR ZAPATA - Estrategias identitarias sobresalientes en la expresión literaria antillana contemporánea: La toma de conciencia de la desvalorización identitaria <br/>CUNA CARMEN…19 - Texto y contexto de la contra conservación. JOSE ENRIQUE DELMONTE SOÑE…41- La ciudadanía: Entre la desterritorialización y el ulticulturalismo JUAN GELABERT 49 - Cultura y diversidad en Santo Domingo: Un abordaje etnohistórico JOSE G. GUERRERO 61 - La fiesta en el Perú y el mundo andino LUIS ORLANDO REPETO MÁLAGA..73 - Identidades globalizadas: Resistencia y creación intercultural. JOSÉ ANTONIO MAC GREGOR… 83 - Diversidad cultural: Entre conflictos y diálogos, caso Bolivia. NORMA CAMPOS VERA.. 89 - Diversidad cultural, una práctica. La experiencia del Centro Cultural San Martín MARÍA VICTORIA ALCARAZ.. 99 - La hibridación subliminal en la cultura dominicana contemporánea n MARTHA ELLEN DAVIS.. 107 - Estrategias para entrar y salir de la mulatidad: El concepto de "poesía mulata" en Fernando Ortiz y Tomás Hernández Franco MEDAR SERRATA.. 117 - El doble del dictador. Poderes del Estado en la imaginación popular LAUREN DERBY..127 - Enfrentando la Ocupación: Hacia un estudio comparativo de resistencia armada en Centroamérica y el Caribe ROBERT SIERAKOWSKI…139 - Globalización, arte, cultura popular e identidad nacional CARLOS ANDUJAR PERSINAL…147 - Derechos culturales en Iberoamérica MATEO MORRISON…159 - 159. lagas....165.<br/><br/><br/>
650 ## - PUNTO DE ACCESO ADICIONAL DE MATERIA--TÉRMINO DE MATERIA
Término de materia o nombre geográfico como elemento de entrada 1. Cultura. 2. Identidad nacional. 3. Identidad cultural
Subdivisión general Caribe(Región). 4. Cultura popular.
700 ## - ENTRADA AGREGADA--NOMBRE PERSONAL
Nombre de persona Zapata, César, coord.
901 ## - ELEMENTOS DE DATOS A LOCAL LDA (RLIN)
a 29/10/2010 3:30:16 p.m.
942 ## - ELEMENTOS DE ENTRADA SECUNDARIOS (KOHA)
Fuente de la clasificación o esquema de estantería Clasificación Decimal Dewey
Tipo de ítem Koha Libros
Suprimir en OPAC No
Holdings
Estatus retirado Estado de pérdida Fuente de la clasificación o esquema de estantería Estado de daño No para préstamo Biblioteca de origen Biblioteca actual Fecha de adquisición Número de inventario Total de préstamos Signatura topográfica completa Visto por última vez Precio de reemplazo Tipo de ítem Koha
    Clasificación Decimal Dewey     Biblioteca IDEICE Biblioteca IDEICE 03/02/2025 CGDI006   RD/306/C749c 03/02/2025 03/02/2025 Libros

© 2024. Todos los Derechos Reservados. Desarrollado por IDEICE